[Event "SUI-ch Seniors 122nd"]
[Site "Leukerbad"]
[Date "2023.07.19"]
[Round "3"]
[White "Huss, Benjamin"]
[Black "Kuhn, Thomas"]
[Result "0-1"]
[WhiteElo "2065"]
[BlackElo "2070"]
[PlyCount "96"]
[EventDate "2023.07.17"]
[EventType "tourn"]
[EventRounds "7"]
[EventCountry "SUI"]
[SourceTitle "CBM 215 Extra"]
[Source "ChessBase"]
[SourceDate "2023.09.30"]
[SourceVersion "1"]
[SourceVersionDate "2023.09.30"]
[SourceQuality "1"]

1. e4 g6 2. f4 d5 3. e5 c5 4. Nf3 Nh6 5. Be2 Nc6 6. 0-0 Bg4 7. c3 Bg7 8. h3 Bxf3 9. Bxf3 e6 10. g4 0-0 11. d3 Kh8 12. Be3 d4 13. Bf2 Ng8 14. g5 h6 15. h4 Nge7 16. c4 Nf5 17. Qe2 hxg5 18. hxg5 Nxe5 19. fxe5 Qxg5+ 20. Bg2 Ne3 21. Bxe3 dxe3 22. Nc3 Bxe5 23. Ne4 Qh4 24. Rf3 Kg7 25. Rh3 Qe7 26. Rf1 f5 27. Nc3 g5 28. Bf3 Rh8 29. Bh5 Rh6 30. Bg4 fxg4 31. Rxh6 Kxh6 32. Qxg4 Bf4 33. Kg2 Rh8 34. Rh1+ Kg7 35. Rxh8 Kxh8 36. Qh5+ Kg7 37. Ne4 b6 38. Qg4 Kg6 39. Kf3 Qf7 40. Ke2 Qf5 41. Qg2 g4 42. a3 Qh5 43. Ng3 Qe5 44. Qe4+ Qxe4 45. Nxe4 Kh5 46. Kf1 Kh4 47. Nc3 Be5 48. Ne2 Kh3 0-1

[Event "SUI-ch Seniors 122nd"]
[Site "Leukerbad"]
[Date "2023.07.17"]
[Round "1"]
[White "Wirthensohn, Heinz"]
[Black "Kuhn, Thomas"]
[Result "1/2-1/2"]
[WhiteElo "2273"]
[BlackElo "2070"]
[PlyCount "76"]
[EventDate "2023.07.17"]
[EventType "tourn"]
[EventRounds "7"]
[EventCountry "SUI"]
[SourceTitle "CBM 215 Extra"]
[Source "ChessBase"]
[SourceDate "2023.09.30"]
[SourceVersion "1"]
[SourceVersionDate "2023.09.30"]
[SourceQuality "1"]

1. Nf3 g6 2. e4 Bg7 3. d4 d6 4. c4 Bg4 5. Be2 Nc6 6. Nbd2 e5 7. d5 Nce7 8. 0-0 Bd7 9. c5 Nf6 10. cxd6 cxd6 11. a4 0-0 12. b3 Ne8 13. Nc4 h6 14. Ba3 Bg4 15. Ne1 Bxe2 16. Qxe2 f5 17. f3 Nc8 18. Nd3 Nb6 19. a5 fxe4 20. fxe4 Rxf1+ 21. Qxf1 Nxc4 22. bxc4 Qxa5 23. c5 Nf6 24. cxd6 Nxe4 25. Bc5 Qc3 26. Rc1 Qb3 27. Qf3 Ng5 28. Qe3 b6 29. Bb4 Rd8 30. Rc7 Qxd5 31. Nf2 e4 32. Bc3 Bxc3 33. Qxc3 Ne6 34. Qf6 Qf5 35. Nxe4 Qxf6 36. Nxf6+ Kf8 37. Nh7+ Kg8 38. Nf6+ Kf8 1/2-1/2

[Event "Bodensee op"]
[Site "Bregenz"]
[Date "2023.05.21"]
[Round "9"]
[White "Dittmar, Peter"]
[Black "Kuhn, Thomas"]
[Result "1-0"]
[WhiteElo "2162"]
[BlackElo "2070"]
[PlyCount "69"]
[EventDate "2023.05.13"]
[EventType "swiss"]
[EventRounds "9"]
[EventCountry "AUT"]
[SourceTitle "CBM 215 Extra"]
[Source "ChessBase"]
[SourceDate "2023.09.30"]
[SourceVersion "1"]
[SourceVersionDate "2023.09.30"]
[SourceQuality "1"]

1. d4 g6 2. e4 Bg7 3. Nf3 d6 4. Nc3 c6 5. a4 Nf6 6. Be2 0-0 7. 0-0 Qc7 8. a5 e5 9. Re1 Nbd7 10. Bf1 Re8 11. h3 exd4 12. Nxd4 Nc5 13. f3 Nh5 14. Be3 Be5 15. Nde2 Ne6 16. Qd2 d5 17. exd5 Rd8 18. f4 Nexf4 19. Nxf4 Nxf4 20. Bd4 Bxd4+ 21. Qxd4 Nxd5 22. Nxd5 cxd5 23. Bd3 Be6 24. h4 Qg3 25. Re3 Qg4 26. Qf6 d4 27. Re4 Qf5 28. Qe7 Rd7 29. Qb4 Qd5 30. Rae1 Kg7 31. Re5 Qd6 32. Qd2 Qe7 33. h5 Qf6 34. h6+ Kf8 35. Rxe6 1-0

[Event "Arco op 43rd"]
[Site "Arco"]
[Date "2021.10.17"]
[Round "9"]
[White "Kuhn, Thomas"]
[Black "Ohler, Julius"]
[Result "1/2-1/2"]
[WhiteElo "2081"]
[BlackElo "1995"]
[PlyCount "160"]
[EventDate "2021.10.09"]
[EventType "swiss"]
[EventRounds "9"]
[EventCountry "ITA"]
[SourceTitle "CBM 204 Extra"]
[Source "ChessBase"]
[SourceDate "2021.11.30"]
[SourceVersion "1"]
[SourceVersionDate "2021.11.30"]
[SourceQuality "1"]

1. Nf3 Nf6 2. c4 g6 3. b4 Bg7 4. Bb2 0-0 5. g3 c6 6. Bg2 a5 7. a3 axb4 8. axb4 Rxa1 9. Bxa1 Qb6 10. Qa4 Na6 11. b5 Nc5 12. Qb4 cxb5 13. 0-0 d6 14. Nc3 Bd7 15. cxb5 e6 16. d3 Ra8 17. Bb2 Ne8 18. Rb1 Qa5 19. Qxa5 Rxa5 20. d4 Nb3 21. e3 d5 22. Bf1 Nd6 23. Bc1 Nxc1 24. Rxc1 b6 25. Ne5 Bxe5 26. dxe5 Nxb5 27. Nxb5 Bxb5 28. Rc8+ Kg7 29. Bxb5 Rxb5 30. Rb8 Rb2 31. h4 h6 32. Kg2 g5 33. hxg5 hxg5 34. g4 Rb4 35. Kg3 Re4 36. Rxb6 Rxe5 37. Kf3 Re4 38. Rb7 Rc4 39. Ra7 Kf6 40. Rd7 Ra4 41. Kg3 Ra3 42. Kf3 Kg6 43. Rd8 Ra7 44. Rb8 Kf6 45. Ke2 Ra2+ 46. Kf3 Ke5 47. Rb7 f6 48. Rb8 Ra6 49. Rc8 Rd6 50. Rc5 f5 51. gxf5 exf5 52. Ra5 Rh6 53. Ra4 Rh4 54. Ra8 d4 55. Re8+ Kf6 56. exd4 Rxd4 57. Rf8+ Ke6 58. Re8+ Kf7 59. Ra8 g4+ 60. Kg2 Kf6 61. Rb8 Kg5 62. Ra8 Rd6 63. Ra5 Kf6 64. Rb5 f4 65. Ra5 Rd2 66. Ra6+ Kg5 67. Kg1 f3 68. Ra8 Rd1+ 69. Kh2 Kf4 70. Ra4+ Kf5 71. Ra5+ Ke4 72. Ra4+ Kd3 73. Kg3 Rg1+ 74. Kf4 Ke2 75. Ra2+ Kf1 76. Rb2 Kg2 77. Kxg4 Rf1 78. Ra2 Rxf2 79. Ra3 Rf1 80. Rb3 f2 1/2-1/2

[Event "Arco op 43rd"]
[Site "Arco"]
[Date "2021.10.10"]
[Round "2"]
[White "Esposito, Marco"]
[Black "Kuhn, Thomas"]
[Result "0-1"]
[WhiteElo "1679"]
[BlackElo "2081"]
[PlyCount "84"]
[EventDate "2021.10.09"]
[EventType "swiss"]
[EventRounds "9"]
[EventCountry "ITA"]
[SourceTitle "CBM 204 Extra"]
[Source "ChessBase"]
[SourceDate "2021.11.30"]
[SourceVersion "1"]
[SourceVersionDate "2021.11.30"]
[SourceQuality "1"]

1. Nf3 g6 2. c3 Bg7 3. d4 Nf6 4. Bf4 d6 5. Nbd2 0-0 6. e4 c5 7. Be2 cxd4 8. cxd4 Nc6 9. d5 Nb4 10. a3 Na6 11. Bxa6 bxa6 12. Nd4 Bd7 13. Be3 Ng4 14. 0-0 Nxe3 15. fxe3 Rb8 16. b4 Bb5 17. Rf3 Qb6 18. N2b3 Ba4 19. Qd3 Bxb3 20. Nxb3 Bxa1 21. Nxa1 Qb5 22. Qxb5 axb5 23. Nb3 Rfc8 24. Nd4 Rc1+ 25. Rf1 Rxf1+ 26. Kxf1 Kf8 27. Nc6 Rb7 28. Ke2 Ke8 29. Kd3 Rc7 30. Kd4 e5+ 31. Kd3 Rxc6 32. dxc6 Kd8 33. g4 f6 34. h4 h6 35. Kc3 Kc7 36. Kd2 Kxc6 37. Kd3 h5 38. gxh5 gxh5 39. Kc3 Kd7 40. Kd3 Ke6 41. Ke2 f5 42. exf5+ Kxf5 0-1

[Event "SUI-ch 117th"]
[Site "Graechen"]
[Date "2017.07.14"]
[Round "2"]
[White "Kuhn, Thomas"]
[Black "Brandis, Benjamin"]
[Result "0-1"]
[WhiteElo "2156"]
[BlackElo "1951"]
[PlyCount "60"]
[EventDate "2017.07.13"]
[EventType "swiss"]
[EventRounds "9"]
[EventCountry "SUI"]
[SourceTitle "EXT 2019"]
[Source "ChessBase"]
[SourceDate "2018.10.10"]
[SourceVersion "1"]
[SourceVersionDate "2018.10.10"]
[SourceQuality "1"]

1. d4 Nf6 2. Nf3 d5 3. c4 c6 4. Nc3 e6 5. e3 Nbd7 6. Qc2 Be7 7. b3 0-0 8. Bd3 dxc4 9. bxc4 b6 10. 0-0 Bb7 11. e4 h6 12. Bf4 Nh5 13. Be3 Qc7 14. Rfe1 e5 15. dxe5 Nxe5 16. Nxe5 Qxe5 17. Ne2 Bc5 18. Bd2 Rad8 19. Rad1 Bc8 20. Bc3 Qg5 21. e5 Bg4 22. Bh7+ Kh8 23. Rxd8 Rxd8 24. Be4 Bxe2 25. Qxe2 Nf4 26. Qf3 Bd4 27. h4 Qxg2+ 28. Qxg2 Nxg2 29. Bxd4 Nxe1 30. Bc3 Nd3 0-1

[Event "Bodensee op"]
[Site "Bregenz"]
[Date "2017.05.22"]
[Round "3"]
[White "Kuhn, Thomas"]
[Black "Malakhatko, Vadim"]
[Result "0-1"]
[WhiteElo "2163"]
[BlackElo "2487"]
[PlyCount "42"]
[EventDate "2017.05.20"]
[EventType "swiss"]
[EventRounds "9"]
[EventCountry "AUT"]
[SourceTitle "CBM 178 Extra"]
[Source "ChessBase"]
[SourceDate "2017.06.22"]
[SourceVersion "1"]
[SourceVersionDate "2017.06.22"]
[SourceQuality "1"]

1. d4 e6 2. Nf3 c5 3. c3 Nc6 4. e4 d5 5. exd5 Qxd5 6. Be3 cxd4 7. cxd4 Bb4+ 8. Nc3 Qa5 9. Qc2 Nf6 10. Bd3 Be7 11. Qe2 Nb4 12. Bc4 Nbd5 13. Bd2 Nxc3 14. Bxc3 Bb4 15. 0-0 Bxc3 16. bxc3 0-0 17. Rac1 b6 18. Ne5 Bb7 19. Bb3 Rac8 20. Nc4 Ba6 21. Rfe1 Qb5 0-1

[Event "Davos op"]
[Site "Davos"]
[Date "2014.07.09"]
[Round "3"]
[White "Biermann Ratjen, Mathias"]
[Black "Kuhn, Thomas"]
[Result "0-1"]
[WhiteElo "1958"]
[BlackElo "2161"]
[PlyCount "38"]
[EventDate "2014.07.07"]
[EventType "swiss"]
[EventRounds "9"]
[EventCountry "SUI"]
[SourceTitle "EXT 2016"]
[Source "ChessBase"]
[SourceDate "2015.10.08"]
[SourceVersion "1"]
[SourceVersionDate "2015.10.08"]
[SourceQuality "1"]

1. e4 e6 2. d4 d5 3. Nc3 Nf6 4. e5 Nfd7 5. Nf3 Be7 6. Bd3 c5 7. dxc5 Nc6 8. Bf4 Nxc5 9. 0-0 0-0 10. Re1 a6 11. a3 f6 12. Bg3 Bd7 13. Qd2 f5 14. Bf4 Ne4 15. Bxe4 fxe4 16. Nxe4 dxe4 17. Rxe4 Be8 18. Nd4 Qd5 19. Nxc6 Bxc6 0-1

[Event "Liechtenstein op 31st"]
[Site "Triesen"]
[Date "2013.05.11"]
[Round "9"]
[White "Kuhn, Thomas"]
[Black "Willemsma, Abe"]
[Result "1-0"]
[WhiteElo "2158"]
[BlackElo "2117"]
[PlyCount "97"]
[EventDate "2013.05.03"]
[EventType "swiss"]
[EventRounds "9"]
[EventCountry "LIE"]
[SourceTitle "CBM 154 Extra"]
[Source "ChessBase"]
[SourceDate "2013.06.25"]
[SourceVersion "2"]
[SourceVersionDate "2013.06.25"]
[SourceQuality "1"]

1. d4 e6 2. Nf3 c5 3. c3 Nf6 4. Bg5 Nc6 5. e3 h6 6. Bh4 Qb6 7. Qc2 cxd4 8. exd4 Nh5 9. Nbd2 d5 10. Bg3 Nxg3 11. hxg3 Bd7 12. Bd3 Bd6 13. 0-0 Rc8 14. Qb3 Qd8 15. Rae1 0-0 16. Ne5 Nxe5 17. dxe5 Bc5 18. Nf3 Qb6 19. Qxb6 Bxb6 20. Rd1 a6 21. Rfe1 Ba4 22. Rd2 Rfd8 23. Bf1 Bb5 24. Bxb5 axb5 25. a3 Rc4 26. Red1 Kf8 27. Kf1 Ke7 28. Nd4 Bxd4 29. Rxd4 Rdc8 30. Ke2 Kd7 31. R1d3 Ra4 32. g4 Ke7 33. Kd2 f6 34. exf6+ Kxf6 35. f4 Rcc4 36. Kc2 b4 37. axb4 Raxb4 38. b3 Rxd4 39. cxd4 Rb6 40. Rc3 Ra6 41. Kb2 Rc6 42. Rxc6 bxc6 43. Ka3 Ke7 44. Ka4 Kd6 45. b4 g6 46. Ka5 h5 47. gxh5 gxh5 48. g3 Kc7 49. Ka6 1-0

[Event "Liechtenstein op 31st"]
[Site "Triesen"]
[Date "2013.05.09"]
[Round "7"]
[White "Kuhn, Thomas"]
[Black "Zozulia, Anna"]
[Result "1/2-1/2"]
[WhiteElo "2158"]
[BlackElo "2326"]
[PlyCount "137"]
[EventDate "2013.05.03"]
[EventType "swiss"]
[EventRounds "9"]
[EventCountry "LIE"]
[SourceTitle "CBM 154 Extra"]
[Source "ChessBase"]
[SourceDate "2013.06.25"]
[SourceVersion "2"]
[SourceVersionDate "2013.06.25"]
[SourceQuality "1"]

1. d4 g6 2. Nf3 Bg7 3. e4 d6 4. c3 Nd7 5. Bg5 h6 6. Bh4 c5 7. Bc4 Qb6 8. Na3 a6 9. Bb3 cxd4 10. Nxd4 Ngf6 11. 0-0 Nc5 12. Nc4 Qc7 13. Ne3 Ncxe4 14. f3 Ng5 15. f4 Nge4 16. Bxf6 Nxf6 17. f5 g5 18. Nd5 Qc5 19. Nxf6+ Bxf6 20. Kh1 h5 21. a4 Bd7 22. Qf3 Rb8 23. Rad1 Bc6 24. Qe2 g4 25. Rfe1 Rg8 26. Rd3 h4 27. Re3 Be5 28. h3 Rg5 29. Bxf7+ Kxf7 30. Ne6 Qd5 31. Nxg5+ Ke8 32. Ne6 Kf7 33. Rd1 Qa5 34. Qxg4 Rg8 35. Qh5+ Kf6 36. Qxh4+ Kxf5 37. Qh7+ Kxe6 38. Qxg8+ Kd7 39. Qg4+ Kc7 40. Qb4 Qxb4 41. cxb4 Bxa4 42. Rde1 Bxb2 43. Rxe7+ Kc6 44. R1e2 Bf6 45. R7e6 Bh4 46. R2e3 Bb5 47. Rg6 Kd5 48. g3 Bd8 49. Ree6 Kc4 50. Rxd6 Be7 51. Rg4+ Kc3 52. Rb6 Bxb4 53. Rxb4 Kxb4 54. Rxb7 a5 55. Ra7 a4 56. Kg2 a3 57. Kf3 Ba4 58. Rb7+ Kc3 59. Rb1 a2 60. Ra1 Kb2 61. Rxa2+ Kxa2 62. Kf4 Kb3 63. h4 Kc4 64. h5 Kd5 65. Kf5 Bc2+ 66. Kf6 Ke4 67. g4 Kf4 68. g5 Kg4 69. g6 1/2-1/2

[Event "Liechtenstein op 29th"]
[Site "Triesen"]
[Date "2011.06.04"]
[Round "9"]
[White "Kuhn, Thomas"]
[Black "Habibi, Ali"]
[Result "0-1"]
[WhiteElo "2220"]
[BlackElo "2304"]
[PlyCount "100"]
[EventDate "2011.05.27"]
[EventType "swiss"]
[EventRounds "9"]
[EventCountry "LIE"]
[SourceTitle "CBM 142 Extra"]
[Source "ChessBase"]
[SourceDate "2011.06.27"]
[SourceVersion "1"]
[SourceVersionDate "2011.06.27"]
[SourceQuality "1"]

1. d4 c5 2. c3 Qc7 3. Nf3 Nf6 4. Bg5 e6 5. e3 Be7 6. Bd3 d5 7. 0-0 Nbd7 8. Nbd2 h6 9. Bh4 0-0 10. Rc1 Re8 11. c4 Qb6 12. cxd5 exd5 13. dxc5 Nxc5 14. Nb3 Nce4 15. Nfd4 Bd7 16. Bxe4 dxe4 17. Qd2 a5 18. Rc4 a4 19. Bxf6 gxf6 20. Nc1 Rac8 21. Rxc8 Rxc8 22. Nce2 Bb4 23. Qd1 f5 24. f3 Bf8 25. b3 axb3 26. axb3 Bg7 27. Qb1 Re8 28. Kh1 Qa6 29. fxe4 fxe4 30. Qe1 Rf8 31. Ng3 Bxd4 32. exd4 f5 33. Qc1 Qd6 34. Qc5 Qxc5 35. dxc5 e3 36. Re1 f4 37. Ne2 Kg7 38. Kg1 Kg6 39. Nd4 Bg4 40. h3 Rd8 41. hxg4 Rxd4 42. g3 Kg5 43. gxf4+ Kxf4 44. Rc1 Kf3 45. Kf1 Rxg4 46. Rc3 Rh4 47. Kg1 Ke2 48. c6 bxc6 49. Rxc6 Rg4+ 50. Kh2 Rb4 0-1

[Event "Liechtenstein op 29th"]
[Site "Triesen"]
[Date "2011.06.03"]
[Round "8"]
[White "Kessler, Luca"]
[Black "Kuhn, Thomas"]
[Result "0-1"]
[WhiteElo "2152"]
[BlackElo "2220"]
[PlyCount "138"]
[EventDate "2011.05.27"]
[EventType "swiss"]
[EventRounds "9"]
[EventCountry "LIE"]
[SourceTitle "CBM 142 Extra"]
[Source "ChessBase"]
[SourceDate "2011.06.27"]
[SourceVersion "1"]
[SourceVersionDate "2011.06.27"]
[SourceQuality "1"]

1. d4 d5 2. c4 c6 3. Nf3 Nf6 4. e3 Bg4 5. Qb3 Qb6 6. Nc3 e6 7. Nh4 Be7 8. h3 Bh5 9. g4 Nfd7 10. gxh5 Bxh4 11. Rg1 g6 12. Bd2 Nf6 13. hxg6 hxg6 14. Rg2 Nbd7 15. 0-0-0 Qxb3 16. axb3 0-0-0 17. b4 dxc4 18. Bxc4 Nb6 19. Be2 a6 20. Kc2 Nfd5 21. Nxd5 Nxd5 22. Kb3 Be7 23. Rg3 Bd6 24. f4 Rh4 25. Bd3 Ne7 26. Rf3 Bc7 27. Be1 Rh7 28. Bc3 Nd5 29. Bd2 Rdh8 30. Rh1 Rh4 31. Be1 R4h5 32. Bd2 f5 33. Rg3 g5 34. Rxg5 Rxh3 35. Rg8+ Rxg8 36. Rxh3 Rg2 37. Bc3 Kd7 38. Rf3 Rh2 39. Rg3 Bd6 40. Rf3 Nf6 41. Rg3 Ng4 42. Rf3 Be7 43. e4 Rf2 44. Rh3 fxe4 45. Bxe4 Rxf4 46. Bg2 Nf6 47. Re3 Kd6 48. d5 Nxd5 49. Be5+ Kd7 50. Bxf4 Nxf4 51. Bf3 Nd5 52. Re4 Nf6 53. Rh4 Kd6 54. Rh8 e5 55. Kc4 e4 56. Be2 Ke5 57. Rb8 b5+ 58. Kb3 Nd5 59. Ra8 Nxb4 60. Re8 Nd5 61. Ra8 c5 62. Rxa6 c4+ 63. Bxc4 bxc4+ 64. Kxc4 e3 65. Ra1 Ke4 66. Re1 Bh4 67. Rh1 Bg3 68. b4 e2 69. b5 Ne3+ 0-1

[Event "Liechtenstein op 29th"]
[Site "Triesen"]
[Date "2011.06.01"]
[Round "6"]
[White "Frick, Renato"]
[Black "Kuhn, Thomas"]
[Result "1/2-1/2"]
[WhiteElo "2085"]
[BlackElo "2220"]
[PlyCount "34"]
[EventDate "2011.05.27"]
[EventType "swiss"]
[EventRounds "9"]
[EventCountry "LIE"]
[SourceTitle "CBM 142 Extra"]
[Source "ChessBase"]
[SourceDate "2011.06.27"]
[SourceVersion "1"]
[SourceVersionDate "2011.06.27"]
[SourceQuality "1"]

1. e4 e6 2. d4 d5 3. Nd2 Be7 4. Bd3 c5 5. dxc5 Nf6 6. Qe2 0-0 7. Ngf3 a5 8. 0-0 Nc6 9. c3 Nd7 10. Rd1 Nxc5 11. Bc2 Qc7 12. Nb3 Nxe4 13. Bxe4 dxe4 14. Qxe4 e5 15. Ng5 Bxg5 16. Bxg5 f6 17. Qc4+ Qf7 1/2-1/2

[Event "Liechtenstein op 29th"]
[Site "Triesen"]
[Date "2011.05.31"]
[Round "5"]
[White "Kuhn, Thomas"]
[Black "Nussbaumer, Vincent"]
[Result "0-1"]
[WhiteElo "2220"]
[BlackElo "1784"]
[PlyCount "54"]
[EventDate "2011.05.27"]
[EventType "swiss"]
[EventRounds "9"]
[EventCountry "LIE"]
[SourceTitle "CBM 142 Extra"]
[Source "ChessBase"]
[SourceDate "2011.06.27"]
[SourceVersion "1"]
[SourceVersionDate "2011.06.27"]
[SourceQuality "1"]

1. d4 d5 2. c4 c6 3. Nf3 Nf6 4. Nc3 dxc4 5. e3 Bf5 6. Bxc4 e6 7. 0-0 Nbd7 8. Qe2 Be7 9. e4 Bg4 10. h3 Bh5 11. Rd1 Qc7 12. a3 0-0 13. g4 Bg6 14. Ne5 Nxe5 15. dxe5 Nd7 16. f4 Bc5+ 17. Kg2 h6 18. b4 Be7 19. f5 Bh7 20. fxe6 Nxe5 21. Bf4 Bd6 22. exf7+ Kh8 23. Be6 Rad8 24. g5 Nxf7 25. Rxd6 Nxd6 26. Qg4 Qe7 27. Rf1 h5 0-1

[Event "Liechtenstein op 28th"]
[Site "Triesen"]
[Date "2010.05.14"]
[Round "8"]
[White "Huss, Andreas"]
[Black "Kuhn, Thomas"]
[Result "0-1"]
[WhiteElo "2326"]
[BlackElo "2176"]
[PlyCount "100"]
[EventDate "2010.05.07"]
[EventType "swiss"]
[EventRounds "9"]
[EventCountry "LIE"]
[SourceTitle "CBM 136 Extra"]
[Source "ChessBase"]
[SourceDate "2010.07.02"]
[SourceVersion "2"]
[SourceVersionDate "2010.07.15"]
[SourceQuality "1"]

1. d4 d5 2. c4 c6 3. Nf3 Nf6 4. e3 Bg4 5. h3 Bh5 6. Nc3 e6 7. g4 Bg6 8. Ne5 Nbd7 9. Nxg6 hxg6 10. cxd5 exd5 11. Bg2 Bb4 12. Qb3 Qe7 13. a3 Bxc3+ 14. Qxc3 Nb6 15. b3 0-0-0 16. Qc5 Qe6 17. a4 Kb8 18. Ba3 Nc8 19. 0-0-0 Ne4 20. Qc2 f5 21. f3 Ng5 22. Qf2 Ka8 23. h4 Nf7 24. gxf5 gxf5 25. Rde1 Nfd6 26. Qg3 Qf6 27. Qf4 Rh6 28. Rh3 Rdh8 29. Reh1 Qd8 30. Kc2 b5 31. a5 Qxa5 32. Ra1 b4 33. Bb2 Qd8 34. Rah1 Kb7 35. Bf1 a5 36. Rg1 g6 37. h5 Rxh5 38. Rxh5 gxh5 39. Rg7+ Kb6 40. Bh3 Rg8 41. Rxg8 Qxg8 42. e4 dxe4 43. fxe4 a4 44. d5 axb3+ 45. Kxb3 Qg1 46. dxc6 Qd1+ 47. Kxb4 Qd3 48. e5 Qb5+ 49. Kc3 Ne4+ 50. Kd4 Qxb2+ 0-1

[Event "Liechtenstein op 28th"]
[Site "Triesen"]
[Date "2010.05.12"]
[Round "6"]
[White "Kuhn, Thomas"]
[Black "Dittmar, Peter"]
[Result "1/2-1/2"]
[WhiteElo "2176"]
[BlackElo "2327"]
[PlyCount "71"]
[EventDate "2010.05.07"]
[EventType "swiss"]
[EventRounds "9"]
[EventCountry "LIE"]
[SourceTitle "CBM 136 Extra"]
[Source "ChessBase"]
[SourceDate "2010.07.02"]
[SourceVersion "2"]
[SourceVersionDate "2010.07.15"]
[SourceQuality "1"]

1. d4 Nf6 2. Nf3 e6 3. Bg5 h6 4. Bxf6 Qxf6 5. c3 c5 6. e3 b6 7. a4 Bb7 8. a5 bxa5 9. Nbd2 cxd4 10. Nxd4 Bc5 11. N4b3 Bb6 12. Nc4 0-0 13. Nbxa5 Bd5 14. Nxb6 axb6 15. Nc4 Rxa1 16. Qxa1 b5 17. Na3 b4 18. cxb4 Nc6 19. b5 Na5 20. Qc1 Qd8 21. b4 Nb3 22. Qb2 Qa8 23. f3 Rc8 24. e4 Rc1+ 25. Kf2 Ra1 26. exd5 Rxa3 27. Kg3 exd5 28. b6 Na1 29. Kh3 Rb3 30. b7 Qxb7 31. Qxa1 d4 32. Qd1 Qd5 33. Bd3 Qh5+ 34. Kg3 Qg5+ 35. Kh3 Qh5+ 36. Kg3 1/2-1/2

[Event "Liechtenstein op 27th"]
[Site "Triesen"]
[Date "2009.05.20"]
[Round "6"]
[White "Kuhn, Thomas"]
[Black "Tiemann, Christoph"]
[Result "1/2-1/2"]
[WhiteElo "2169"]
[BlackElo "2083"]
[PlyCount "43"]
[EventDate "2009.05.15"]
[EventType "swiss"]
[EventRounds "9"]
[EventCountry "LIE"]
[SourceTitle "CBM 130 Extra"]
[Source "ChessBase"]
[SourceDate "2009.07.02"]
[SourceVersion "2"]
[SourceVersionDate "2009.07.15"]
[SourceQuality "1"]

1. d4 Nf6 2. Nf3 g6 3. Bg5 Bg7 4. Nbd2 c5 5. Bxf6 Bxf6 6. Ne4 Bxd4 7. Nxd4 cxd4 8. Qxd4 0-0 9. c4 Qa5+ 10. Nc3 Nc6 11. Qd2 d6 12. e3 Be6 13. Be2 a6 14. Nd5 Qxd2+ 15. Kxd2 Bxd5 16. cxd5 Nb4 17. Rhc1 a5 18. Bc4 Na6 19. Bxa6 Rxa6 20. Rc4 Rb6 21. Kc3 Kg7 22. Rd1 1/2-1/2

[Event "Liechtenstein op 27th"]
[Site "Triesen"]
[Date "2009.05.19"]
[Round "5"]
[White "Pribyl, Josef"]
[Black "Kuhn, Thomas"]
[Result "1-0"]
[WhiteElo "2346"]
[BlackElo "2169"]
[PlyCount "59"]
[EventDate "2009.05.15"]
[EventType "swiss"]
[EventRounds "9"]
[EventCountry "LIE"]
[SourceTitle "CBM 130 Extra"]
[Source "ChessBase"]
[SourceDate "2009.07.02"]
[SourceVersion "2"]
[SourceVersionDate "2009.07.15"]
[SourceQuality "1"]

1. e4 e6 2. d3 d5 3. Nd2 c5 4. Ngf3 Nc6 5. g3 Bd6 6. Bg2 Nge7 7. 0-0 0-0 8. Re1 Qc7 9. Qe2 f6 10. c3 Bd7 11. a3 a5 12. b3 d4 13. cxd4 Nxd4 14. Nxd4 cxd4 15. Nc4 e5 16. Bd2 Nc6 17. Rec1 Be7 18. Qe1 a4 19. b4 b5 20. Na5 Ra6 21. Ra2 Rc8 22. Rac2 Qb8 23. Bh3 Qa7 24. Be6+ Kf8 25. Bd5 Qa8 26. Qe2 g6 27. Nxc6 Bxc6 28. Qg4 Rc7 29. Rxc6 Raxc6 30. Rxc6 1-0

[Event "Liechtenstein op 27th"]
[Site "Triesen"]
[Date "2009.05.18"]
[Round "4"]
[White "Kuhn, Thomas"]
[Black "Mertens, Klaus"]
[Result "1-0"]
[WhiteElo "2169"]
[BlackElo "2075"]
[PlyCount "79"]
[EventDate "2009.05.15"]
[EventType "swiss"]
[EventRounds "9"]
[EventCountry "LIE"]
[SourceTitle "CBM 130 Extra"]
[Source "ChessBase"]
[SourceDate "2009.07.02"]
[SourceVersion "2"]
[SourceVersionDate "2009.07.15"]
[SourceQuality "1"]

1. d4 Nf6 2. Nf3 e6 3. Bg5 Be7 4. Nbd2 d5 5. e3 0-0 6. Bd3 b6 7. Ne5 Bb7 8. Qf3 Nc6 9. c3 Nxe5 10. dxe5 Nd7 11. Qh3 g6 12. Bf4 Nc5 13. Bc2 Ba6 14. 0-0-0 Bd3 15. Qg3 Qe8 16. h4 Qb5 17. h5 Bxc2 18. Kxc2 Qd3+ 19. Kc1 Qf5 20. Nb3 Nd3+ 21. Rxd3 Qxd3 22. hxg6 Qxg6 23. Qf3 Kh8 24. Nd4 c5 25. Rh6 Qe4 26. Qxe4 dxe4 27. Nc6 Bd8 28. Nxd8 Rfxd8 29. Bg5 Kg7 30. Rh4 Rd7 31. Bf6+ Kg6 32. Rg4+ Kh5 33. Rxe4 Kg6 34. Rg4+ Kh6 35. c4 a6 36. f4 Rdd8 37. Bg7+ Kh5 38. Rg5+ Kh4 39. Bf6 h5 40. Rg7# 1-0

[Event "Zuerich op-A 32nd"]
[Site "Zuerich"]
[Date "2008.12.27"]
[Round "2"]
[White "Brendel, Bergit"]
[Black "Kuhn, Thomas"]
[Result "1/2-1/2"]
[WhiteElo "2083"]
[BlackElo "2177"]
[PlyCount "33"]
[EventDate "2008.12.26"]
[EventType "swiss"]
[EventRounds "7"]
[EventCountry "SUI"]
[SourceTitle "CBM 127 Extra"]
[Source "ChessBase"]
[SourceDate "2009.01.08"]
[SourceVersion "2"]
[SourceVersionDate "2009.01.28"]
[SourceQuality "1"]

1. e4 e6 2. d4 d5 3. Nc3 Bb4 4. e5 c5 5. a3 Ba5 6. b4 cxd4 7. Nb5 Bc7 8. f4 Ne7 9. Nf3 Bd7 10. Nbxd4 Nbc6 11. Be3 Bb6 12. Qd2 Nxd4 13. Nxd4 0-0 14. Bd3 Qe8 15. 0-0 Bxd4 16. Bxd4 Bb5 17. Bc5 1/2-1/2

[Event "SUI-ch op"]
[Site "Samnaun"]
[Date "2008.07.10"]
[Round "1"]
[White "Bohrer, Ruth"]
[Black "Kuhn, Thomas"]
[Result "1-0"]
[WhiteElo "1988"]
[BlackElo "2201"]
[PlyCount "41"]
[EventDate "2008.07.08"]
[EventType "tourn"]
[EventRounds "9"]
[EventCountry "SUI"]
[SourceTitle "CBM 125 Extra"]
[Source "ChessBase"]
[SourceDate "2008.09.01"]
[SourceVersion "1"]
[SourceVersionDate "2008.09.01"]
[SourceQuality "1"]

1. d4 d5 2. Nf3 Nf6 3. Bf4 c5 4. c3 Qb6 5. Qb3 Nc6 6. e3 c4 7. Qxb6 axb6 8. Na3 Ra5 9. Bc7 Ra6 10. Nb5 Bf5 11. Be5 Ra5 12. a4 Nxe5 13. dxe5 Ne4 14. Nfd4 Be6 15. b4 cxb3 16. Nxb3 Nc5 17. Nxa5 bxa5 18. Nc7+ Kd7 19. Nxe6 Kxe6 20. f4 g5 21. g3 1-0

[Event "Winterthur op"]
[Site "Winterthur"]
[Date "2007.10.06"]
[Round "2"]
[White "Galyas, Miklos"]
[Black "Kuhn, Thomas"]
[Result "1-0"]
[WhiteElo "2433"]
[BlackElo "2180"]
[PlyCount "65"]
[EventDate "2007.10.05"]
[EventType "swiss"]
[EventRounds "9"]
[EventCountry "SUI"]
[SourceTitle "CBM 120 Extra"]
[Source "ChessBase"]
[SourceDate "2007.11.01"]
[SourceVersion "1"]
[SourceVersionDate "2007.11.01"]
[SourceQuality "1"]

1. d4 d5 2. c4 c6 3. Nc3 Nf6 4. e3 a6 5. Nf3 b5 6. b3 Bg4 7. Bd2 e6 8. h3 Bh5 9. g4 Bg6 10. Ne5 Nfd7 11. Nxg6 hxg6 12. Bg2 Bd6 13. e4 dxc4 14. e5 Be7 15. bxc4 bxc4 16. Ne4 a5 17. 0-0 Nb6 18. Be3 N8d7 19. Qc2 c5 20. Nxc5 Nxc5 21. dxc5 Nd5 22. Qxc4 Rc8 23. Rad1 Qc7 24. Rxd5 exd5 25. Qxd5 0-0 26. c6 Rfd8 27. Qe4 Rb8 28. Bf4 Rb4 29. Qf3 Bf6 30. Re1 Be7 31. Bg3 Rb6 32. e6 Bd6 33. Bxd6 1-0